| 000 | 00624nam a22001817a 4500 | ||
|---|---|---|---|
| 005 | 20251108164344.0 | ||
| 008 | 250721s1994 xx 000 0 ara d | ||
| 082 | 1 | 4 | _a693.852/تصم |
| 245 | 1 | 0 | _aتصميم المنشآت العاليه لمقاومة الرياح و الزلازل / |
| 264 | 1 |
_aالقاهره : _bدار النشر للجامعات المصريه - مكتبة الوفاء، _c1994. |
|
| 300 | _a471ص | ||
| 650 | 1 | 7 | _aالهندسة المدنية |
| 650 | 1 | 7 | _aالبناء |
| 650 | 1 | 7 | _aالزلازل |
| 710 | 2 | _aمجموعة هندسة المستقبل | |
| 942 |
_2ddc _cBK |
||
| 999 |
_c10123 _d10123 |
||